书目信息 |
| 题名: |
21堂课精通万用表使用
|
|
| 作者: | ;数码维修工程师鉴定指导中心 组织编写 | |
| 分册: | ||
| 出版信息: | 北京 电子工业出版社 2013.05 |
|
| 页数: | 242页 | |
| 开本: | 25cm | |
| 丛书名: | ||
| 单 册: | ||
| 中图分类: | TM938.107 | |
| 科图分类: | ||
| 主题词: | 电工仪表--综合式测量仪器 , 电工仪表--比较式测量仪器 , 电工仪表--记录式测量仪器 , 电工仪表--模拟式测量仪器 | |
| 电子资源: | ||
| ISBN: | 7-121-20086-4 | |
| 000 | 00916nam0 2200241 450 | |
| 001 | 2457294448 | |
| 005 | 20241030155740.13 | |
| 010 | @a7-121-20086-4@dCNY45.00 | |
| 100 | @a20241030d2013 km y0chiy0120 ea | |
| 101 | 0 | @achi |
| 102 | @aCN@b110000 | |
| 102 | @aCN@b110000 | |
| 200 | 1 | @a21堂课精通万用表使用@A21 Tang Ke Jing Tong Wan Yong Biao Shi Yong@f数码维修工程师鉴定指导中心组织编写@FShu Ma Wei Xiu Gong Cheng Shi Jian Ding Zhi Dao Zhong Xin Zu Zhi Bian Xie |
| 210 | @a北京@c电子工业出版社@d2013.05 | |
| 215 | @a242页@d25cm | |
| 606 | 0 | @a电工仪表@x综合式测量仪器 |
| 606 | 0 | @a电工仪表@x比较式测量仪器 |
| 606 | 0 | @a电工仪表@x记录式测量仪器 |
| 606 | 0 | @a电工仪表@x模拟式测量仪器 |
| 690 | @aTM938.107@v4 | |
| 711 | 02 | @a数码维修工程师鉴定指导中心@AShu Ma Wei Xiu Gong Cheng Shi Jian Ding Zhi Dao Zhong Xin@4组织编写 |
| 801 | 0 | @aCN@b大连网信软件有限公司图书馆·11@c20241030 |
| 905 | @aZUCC@dTM938.107@eP40 | |
| 21堂课精通万用表使用/数码维修工程师鉴定指导中心组织编写.-北京:电子工业出版社,2013.05 |
| 242页;25cm |
| ISBN 7-121-20086-4:CNY45.00 |
| ● |
| 相关链接 |
|
|
|
|
正题名:21堂课精通万用表使用
索取号:TM938.107/P40
 
预约/预借
| 序号 | 登录号 | 条形码 | 馆藏地/架位号 | 状态 | 备注 |
| 1 | 7202668 | 272026684 | 密集书库-物理学院/ [索取号:TM938.107/P40] | 在馆 |